| 000 | 00432cam a2200169ua 4500 | ||
|---|---|---|---|
| 041 |
_aeng _h |
||
| 082 |
_a512 _bKRI/TE |
||
| 100 | _aKrishnamurthy, K A . | ||
| 245 |
_aText book of algebra / _cK A Krishnamurthy. _hTextual Documents |
||
| 250 |
_a5 / _b. |
||
| 260 |
_aMumbai : _bAsia Publishing House , _c1964. |
||
| 300 | _a164 ; . | ||
| 504 | _a | ||
| 700 | 1 | _aVenkataramana Rao, V . | |
| 942 | _cBK | ||
| 999 |
_c10149 _d10149 |
||